Návrh na zobrazenie vecných bremien vo VKM

Gespeichert in:
Bibliographische Detailangaben
1. Verfasser: Kyseľ, Peter (Verfasst von)
Weitere Verfasser: Geisse, Robert (Betreuung Doktorarbeit)
Format: Manuskript Buch
Sprache:Slowakisch
Veröffentlicht: 2017
Schlagworte:
Online-Zugang:http://is.stuba.sk/zp/portal_zp.pl?podrobnosti=131420
https://opac.crzp.sk/?fn=detailBiblioForm&sid=EA5F7181B6B238EB530B6B115CCB
Tags: Tag hinzufügen
Keine Tags, Fügen Sie das erste Tag hinzu!

MARC

LEADER 00000ntm a22000003a 4500
001 stuzp63110
003 SK-STU
005 20230606121836.6
007 ta
008 150427s2015----xo-----f-mn---000-0-slo-d
040 |a STU  |b slo 
041 0 |a slo 
100 1 |a Kyseľ, Peter  |u 010140  |4 aut  |U SvF Stavebná fakulta  |T SvF Katedra geodézie  |X 75748  |U V140  |Y 14  |7 75748 
242 0 1 |a Suggestion of the Display of Easements in the Vector Cadastral Map  |y eng 
245 1 0 |a Návrh na zobrazenie vecných bremien vo VKM 
260 |c 2017 
650 4 |a vecné bremeno  |2 slo 
650 4 |a vektorová katastrálna mapa  |2 slo 
650 4 |a zobrazenie  |2 slo 
650 4 |a easement  |2 eng 
650 4 |a vector cadastral map  |2 eng 
650 4 |a display  |2 eng 
700 1 |a Geisse, Robert  |u 010140  |k Z1  |4 ths  |U SvF Stavebná fakulta  |T SvF Katedra geodézie  |X 886  |U V140  |Y 14  |7 A000000886 
856 4 |u http://is.stuba.sk/zp/portal_zp.pl?podrobnosti=131420 
856 4 |u https://opac.crzp.sk/?fn=detailBiblioForm&sid=EA5F7181B6B238EB530B6B115CCB